000 00670nam a2200229Ia 4500
005 20241216010103.0
008 180423s9999||||xx |||||||||||||| ||und||
020 _a84-331-0799-2
082 _a371.42
_bS21
100 _aSANCHEZ SANCHEZ, SERAFIN Y OTROS
245 0 _aLA TUTORIA EN LOS CENTROS DE EDUCACION SECUNDARIA
_bMANUAL DEL PROFESOR/TUTOR
250 _a0
260 _aMADRID-ESPAÑA
_bESCUELA ESPA OLA
_c1997
300 _a220 pag.
_c24 cm
341 _h90
490 _v0
_a0
505 _aORIENTACION/TUTORIA/DECENCIA
541 _aC
_bLIBRERIA SAN CRISTOBAL
_d16-Nov-00
_odólar
650 _aCIENCIAS SOCIALES
856 _zHumanidades
942 _cLIBRO
999 _c5159
_d5159